Everyday jokes

Bibliographic Details
Main Author: Sood, P. S. (Author)
Format: Book
Language:English
Published: Kuala Lumpur : S. A. Majeed & Co. , c2010
Subjects:

MARC

LEADER 00000cam a2200000 7i4500
001 0000069713
005 20110120093000.0
008 101205s2010 my eng
020 |a 9789673712618 (pbk.) 
090 0 0 |a PN6175   |b .E94 2010 
245 0 0 |a Everyday jokes   |c compiled by P. S. Sood 
260 |a Kuala Lumpur :   |b S. A. Majeed & Co. ,   |c c2010 
300 |a 144 p. :   |b ill. ;   |c 19 cm. 
650 0 |a English wit and humor 
650 0 |a Wit and humor -- Social aspects 
700 1 |a Sood, P. S. ,   |e author 
999 |a 1000135795   |b Book   |c OPEN SHELF (30 DAYS)   |e Gong Badak Campus